Sekuritizácia ako finančný produkt. Kam nás doviedli a kam smerujú finančné inovácie

Charakteristika sekuritizácie ako finančného produktu. Techniky sekuritizácie. Finančné produkty pri sekuritizácii. Kreditné deriváty.

Salvato in:
Dettagli Bibliografici
Autore principale: Bikár, Miloš, 1973-
Natura: Capitolo di libro
Lingua:slovacco
Soggetti:
Tags: Aggiungi Tag
Nessun Tag, puoi essere il primo ad aggiungerne!!

MARC

LEADER 00000naa$a2200000$$$4500
001 0093610
005 20240502072037.2
041 0 |a slo 
044 |a SK 
245 1 0 |a Sekuritizácia ako finančný produkt. Kam nás doviedli a kam smerujú finančné inovácie  |c Miloš Bikár 
520 |a Charakteristika sekuritizácie ako finančného produktu. Techniky sekuritizácie. Finančné produkty pri sekuritizácii. Kreditné deriváty. 
610 2 0 |a sekuritizácia 
610 2 0 |a deriváty 
610 2 0 |a inovácia 
610 2 0 |a investori 
100 1 |a Bikár, Miloš, 1973-